E.R. - Best episodes according to IMDB - Statistics

General Stats
  • This quiz has been taken 3 times
  • The average score is 9 of 30
Answer Stats
Hint Answer % Correct
Season 6 All in the Family
100%
Season 8 On the Beach
100%
Season 1 Pilot / 24 Hours
100%
Season 6 Be Still My Heart
67%
Season 4 Exodus
67%
Season 2 Hell and High Water
67%
Season 8 The Letter
67%
Season 15 And in the End...
33%
Season 2 A Shift in the Night
33%
Season 1 Blizzard
33%
Season 1 Love's Labor Lost
33%
Season 6 May Day
33%
Season 8 Orion in the Sky
33%
Season 8 Secrets and Lies
33%
Season 6 Such Sweet Sorrow
33%
Season 11 Time of Death
33%
Season 8 A Simple Twist of Fate
0%
Season 13 Bloodline
0%
Season 10 Freefall
0%
Season 6 Great Exceptations
0%
Season 15 Heal Thyself
0%
Season 15 Life After Death
0%
Season 8 Lockdown
0%
Season 15 Old Times
0%
Season 7 Rampage
0%
Season 2 The Healers
0%
Season 3 The Long Way Around
0%
Season 11 The Show Must Go On
0%
Season 5 The Storm
0%
Season 12 Twenty-One Guns
0%
No matching quizzes found
Score Distribution
Percent of People with Each Score
Percentile by Number Answered
Your Score History
You have not taken this quiz